Šikana, mobbing, bossing vo svetle právnych dôsledkov
Definícia mobingu a bossingu. Šikana - prostriedky právnej ochrany a ich dôsledky v právnom poriadku SR. Neoprávnený zásah do osobnostných práv jednotlivca - poškodzovanie mena a dobrej povesti.
Salvato in:
| Autore principale: | |
|---|---|
| Natura: | Capitolo di libro |
| Lingua: | slovacco |
| Soggetti: | |
| Tags: |
Nessun Tag, puoi essere il primo ad aggiungerne!!
|
MARC
| LEADER | 00000naa a2200000 4500 | ||
|---|---|---|---|
| 001 | 0281913 | ||
| 005 | 20250721120454.7 | ||
| 041 | 0 | |a slo | |
| 044 | |a SK | ||
| 245 | 1 | 0 | |a Šikana, mobbing, bossing vo svetle právnych dôsledkov |c Gabriel Havrilla |
| 520 | |a Definícia mobingu a bossingu. Šikana - prostriedky právnej ochrany a ich dôsledky v právnom poriadku SR. Neoprávnený zásah do osobnostných práv jednotlivca - poškodzovanie mena a dobrej povesti. | ||
| 610 | 2 | 0 | |a prostredie pracovné |
| 610 | 2 | 0 | |a ochrana právna |
| 610 | 2 | 0 | |a zamestnávatelia |
| 610 | 2 | 0 | |a zamestnanci |
| 610 | 2 | 0 | |a predpisy pracovnoprávne |
| 610 | 2 | 0 | |a šikanovanie |
| 610 | 2 | 0 | |a bossing |
| 100 | 1 | |a Havrilla, Gabriel | |